000 01193cam a22002174a 4500
005 20250605163948.0
008 250528s ||||||||||||||||||||||||d
035 _a15277
020 _a749411767
040 _aGR-AtMCL
_bgre
_dGR-AtMCL
_eAACR2
245 1 _aDoing Business in Hungary / Second Edition
250 _a2nd
260 _bKogan Page,
_c1994
300 _a288
520 _aThis book bring together the expertise of the foremost accountants, lawyers, advisors and communications experts specializing in the region. Foreword, Preface, The Business Context, Economic Reform, Political Transportation, Market Intelligence, The Business Infrastructure, Convertibility of the Forint, Banking and Financial Services, Privatization, Foreign Investment, The Fiscal Framework, Property, Employment Law, The Labor Market, The Environment, Communications, The Options for Western Business, Import and Export, Trade Finance, Marketing, Licensing, Project Finance, Investment Strategy, Investment Finance, Forming a Company, Case Studies, Appendices, Index.
700 1 _aBerwin J. S.
_91171
700 1 _aMarwick Peat Kpmg
_91172
942 _cBK
999 _c868
_d868